000 00687cab a22001935a 4500
001 L154949
008 120208e20120203xxk 000 0 eng d
035 _a(Sirsi) u154949
041 0 _aeng
100 1 _aBingham, Tony
245 0 4 _aThe comfort zone
260 _c2012
490 _aBuilding
_v277 (8713) 3 February 2012, 46-47(2)
520 _aDiscusses the ICC or the Infrastructure Conditions of Contract which replaces the ICE Conditions of Contract and is now produced by the Association of Consulting and Engineering (ACE) and the Civil Engineering Contractors Association (CECA).
590 _aKA
651 4 _aUnited Kingdom
_y
690 _aContracts
_96232
942 _n0
999 _c83754
_d83754